| 000 | 00404nam a2200157Ia 4500 | ||
|---|---|---|---|
| 008 | 210210b1966 xxu||||| |||| 00| 0 eng d | ||
| 082 | _a082 SENG | ||
| 100 | _aSEN (N B). | ||
| 245 | _aGlorious thoughts of Indian sages. Ed 1. | ||
| 250 | _a | ||
| 260 |
_aNew Delhi. _bNew Book Society Of India., _c1966 |
||
| 300 | _a148 | ||
| 650 | _aThoughts Indian Sages | ||
| 690 | _aQuotatio | ||
| 906 | _a0273 | ||
| 999 |
_c78636 _d78636 |
||